مكتبة جامعة عجلون الوطنية

فهرس بحث المكتبة

كتاب المجموع في المحيط بالتكليف، ج2 (Record no. 21823)

MARC details
000 -LEADER
fixed length control field 00993nam a2200217Ii 4500
003 - CONTROL NUMBER IDENTIFIER
control field JO-AjNU
008 - FIXED-LENGTH DATA ELEMENTS--GENERAL INFORMATION
fixed length control field 230605s9999||||xx |||||||||||||| ||und||
020 ## - INTERNATIONAL STANDARD BOOK NUMBER
International Standard Book Number 2-7214-5609-1
040 ## - CATALOGING SOURCE
Original cataloging agency JO-AjNU
Language of cataloging ara
Description conventions rda
Transcribing agency JO-AjNU
041 ## - LANGUAGE CODE
Language code of text/sound track or separate title ara
050 14 - LIBRARY OF CONGRESS CALL NUMBER
Classification number BP166.Q2972 1986
100 3# - MAIN ENTRY--PERSONAL NAME
Personal name المعتزلي، أبو الحسن عبد الجبار بن أحمد ، عناية وتصحيح الاب جين يوسف هوبن اليسوعي ، مراجعة دانيال جيماريه,
Relator term author
9 (RLIN) 42605
245 00 - TITLE STATEMENT
Title كتاب المجموع في المحيط بالتكليف، ج2
264 31 - PRODUCTION, PUBLICATION, DISTRIBUTION, MANUFACTURE, AND COPYRIGHT NOTICE
Place of production, publication, distribution, manufacture بيروت: دار المشرق، 1986
300 ## - PHYSICAL DESCRIPTION
Extent ج2، 437ص
Other physical details يشتمل على توطئة باللغة الانجليزية(ص1-32)
336 ## - CONTENT TYPE
Content type term text
Content type code txt
Source rdacontent
337 ## - MEDIA TYPE
Media type term unmediated
Media type code n
Source rdamedia
338 ## - CARRIER TYPE
Carrier type term volume
Carrier type code nc
Source rdacarrier
490 0# - SERIES STATEMENT
Series statement بحوث ودراسات 12
650 #4 - SUBJECT ADDED ENTRY--TOPICAL TERM
Topical term or geographic name entry element الحكم التكليفي- اصول الفقه الاسلامي- فرق اسلامية
9 (RLIN) 42606
Holdings
Withdrawn status Lost status Source of classification or shelving scheme Damaged status Not for loan Home library Current library Shelving location Date acquired Total Checkouts Full call number Barcode Date last seen Price effective from Koha item type
    Library of Congress Classification     مكتبة جامعة عجلون الوطنية مكتبة جامعة عجلون الوطنية المجموعات العامة 06/06/2023   BP166.Q2972 1986 A18255 06/06/2023 06/06/2023 Books